000 00669nam a2200205 a 4500
001 000010624
005 20240412074220.0
008 091008s2003 dr a 000 j spa d
040 _aDO-SdBNP
_bspa
_cBNPHU
082 _aRD863.44
_bN174b
100 1 _aNamnúm, Cesar
_d1951-
_925711
245 1 0 _aBanco de otoño /
_cCesar Namnúm.
260 _aSanto Domingo :
_bCompás,
_c2003.
300 _a175 p. :
_bil. ;
_c23 cm.
500 _aIncluye datos biográficos del autor en la solapa de la cubierta
590 _aInventariado, 2020/MAA
650 0 _aCuentos dominicanos
_9176
650 0 _aLiteratura dominicana.
_967
910 _aValidado. Control de calidad MMOLINA
999 _c10382
_d10382